[Event "Campeonato de España sub-14 2011"]
[Site "Padron ESP"]
[Date "2011.07.12"]
[Round "1.1"]
[White "Gallego Sosa, Clara"]
[Black "Navarrete Espi, Samuel"]
[Result "0-1"]
[WhiteElo "1678"]
[BlackElo "2169"]
[PlyCount "72"]
[EventDate "2011.07.12"]
[EventType "swiss"]
[EventRounds "9"]
[EventCountry "ESP"]
[Source "lmi"]
[SourceDate "2011.07.12"]

1. e4 g6 2. d4 d6 3. Nf3 Bg7 4. Bd3 Nf6 5. O-O O-O 6. Bf4 Bg4 7. h3 Bxf3 8.
Qxf3 Nc6 9. Qe3 Nh5 10. c3 Nxf4 11. Qxf4 e5 12. dxe5 Nxe5 13. Be2 f5 14. Nd2 g5
15. Qh2 f4 16. Nf3 Qe7 17. g3 Ng6 18. Nd2 d5 19. Bd3 fxg3 20. Qxg3 Be5 21. Qg2
Nf4 22. Qf3 Qd7 23. Qe3 Nxh3+ 24. Kh1 Nf4 25. Rg1 Qh3+ 26. Qxh3 Nxh3 27. Kg2
Nf4+ 28. Kf1 Nxd3 29. Rxg5+ Kh8 30. Ke2 Nf4+ 31. Ke3 Bd6 32. exd5 Bc5+ 33. Kf3
Nh3+ 34. Kg4 Nxg5 35. Kxg5 Rxf2 36. Ne4 Rg8+ 0-1

[Event "Campeonato de España sub-14 2011"]
[Site "Padron ESP"]
[Date "2011.07.12"]
[Round "1.2"]
[White "Nicolas Zapata, Irene"]
[Black "Lopez Rivera, Jesus"]
[Result "1-0"]
[WhiteElo "2117"]
[BlackElo "1671"]
[PlyCount "117"]
[EventDate "2011.07.12"]
[EventType "swiss"]
[EventRounds "9"]
[EventCountry "ESP"]
[Source "lmi"]
[SourceDate "2011.07.12"]

1. d4 Nf6 2. Nf3 g6 3. g3 Bg7 4. Bg2 O-O 5. O-O d6 6. c4 Nbd7 7. Nc3 e5 8. dxe5
dxe5 9. Qc2 c6 10. Rd1 Qa5 11. a3 Qc5 12. Nd2 Nb6 13. b4 Qe7 14. c5 Nbd5 15.
Nxd5 Nxd5 16. e4 Nc7 17. Bb2 Bg4 18. f3 Be6 19. Bf1 h5 20. Nc4 Bxc4 21. Bxc4
Rad8 22. Rxd8 Rxd8 23. Rd1 Kf8 24. Kf2 Ke8 25. Ke2 Ne6 26. Rxd8+ Kxd8 27. Qd3+
Kc7 28. Qb3 Kd7 29. Qa4 a6 30. Qa5 Kc8 31. Qb6 Nd8 32. Qa7 Qc7 33. a4 Qb8 34.
Qxb8+ Kxb8 35. f4 f6 36. Kf3 Kc7 37. fxe5 fxe5 38. g4 Kd7 39. gxh5 gxh5 40. Kg3
Bf6 41. Be2 h4+ 42. Kg4 Ke7 43. Bc4 Ne6 44. Bxe6 Kxe6 45. Bc3 Be7 46. a5 h3 47.
Kxh3 Bg5 48. Kg4 Bf4 49. h4 Kf6 50. Be1 Be3 51. h5 Ke6 52. Bh4 Bd2 53. Bg5 Bxb4
54. h6 Kf7 55. Kf5 Bxc5 56. Bf6 Bf8 57. h7 Bg7 58. h8=Q Bxh8 59. Bxh8 1-0

[Event "Campeonato de España sub-14 2011"]
[Site "Padron ESP"]
[Date "2011.07.12"]
[Round "1.3"]
[White "Rodriguez Dominguez, Miguel"]
[Black "Forsberg Conde, Martin"]
[Result "1-0"]
[WhiteElo "1669"]
[BlackElo "2076"]
[PlyCount "79"]
[EventDate "2011.07.12"]
[EventType "swiss"]
[EventRounds "9"]
[EventCountry "ESP"]
[Source "lmi"]
[SourceDate "2011.07.12"]

1. d4 d5 2. Nf3 Nf6 3. Bf4 e6 4. e3 c5 5. c3 Nc6 6. Nbd2 Be7 7. Bd3 Qb6 8. Rb1
O-O 9. O-O Re8 10. Re1 Nd7 11. Qc2 h6 12. h3 Bf6 13. Rbd1 e5 14. dxe5 Ndxe5 15.
Nxe5 Nxe5 16. Bxe5 Bxe5 17. Nf3 Bf6 18. b3 Be6 19. e4 dxe4 20. Bxe4 Rad8 21.
Re3 Kh8 22. Red3 Rxd3 23. Bxd3 Qc6 24. Be4 Qc7 25. c4 b6 26. Kf1 Qf4 27. Re1
Rd8 28. Qc1 Qd6 29. Re2 Re8 30. Qd2 Qc7 31. Qc2 Rd8 32. Rd2 Rb8 33. Bd5 Bxd5
34. Rxd5 Qc6 35. Qd3 a6 36. Rd6 Qc7 37. Rd7 Qf4 38. Qe3 Qxe3 39. fxe3 Kg8 40.
Ke2 1-0

[Event "Campeonato de España sub-14 2011"]
[Site "Padron ESP"]
[Date "2011.07.12"]
[Round "1.4"]
[White "Rubio Tent, Francisco"]
[Black "Buiza Prieto, Eihartze"]
[Result "0-1"]
[WhiteElo "2063"]
[BlackElo "1668"]
[PlyCount "118"]
[EventDate "2011.07.12"]
[EventType "swiss"]
[EventRounds "9"]
[EventCountry "ESP"]
[Source "lmi"]
[SourceDate "2011.07.12"]

1. b3 e5 2. Bb2 Nc6 3. e3 d5 4. Bb5 Bd6 5. f4 Qe7 6. Nf3 f6 7. fxe5 fxe5 8.
Bxc6+ bxc6 9. Nxe5 Qh4+ 10. g3 Qh3 11. Qf3 Nf6 12. Qf1 Qh5 13. Qe2 Ng4 14. d4
Bxe5 15. dxe5 O-O 16. Nd2 Rf2 17. Qd3 Rxh2 18. Rxh2 Qxh2 19. O-O-O Nf2 20. Qc3
Bb7 21. Nf3 Nxd1 22. Kxd1 Qh1+ 23. Ne1 Qh5+ 24. Kc1 Qg6 25. Qb4 Qxg3 26. Kd1
Bc8 27. Bd4 Bg4+ 28. Kc1 h5 29. Nd3 h4 30. Qe7 h3 31. e6 Bh5 32. Be5 Qg1+ 33.
Kb2 h2 34. Bxh2 Qxh2 35. Nf4 Re8 36. Qxc7 Qh4 37. Qxc6 Qf6+ 38. Kb1 Bg6 39.
Qxd5 Qf5 40. Qc6 Qxc2+ 41. Qxc2 Bxc2+ 42. Kxc2 Kh7 43. Nh3 Kh6 44. Kd3 Rxe6 45.
e4 g5 46. Kd4 Ra6 47. a4 Rb6 48. Kc4 Re6 49. Kd5 Rf6 50. e5 Rf3 51. Ng1 Rxb3
52. e6 Kg6 53. Ne2 Kf6 54. Nd4 Rb6 55. Nc6 Rxc6 56. Kxc6 Kxe6 57. Kb7 a5 58.
Kb6 g4 59. Kxa5 g3 0-1

[Event "Campeonato de España sub-14 2011"]
[Site "Padron ESP"]
[Date "2011.07.12"]
[Round "1.5"]
[White "Cribilles Perez, Carlos"]
[Black "Shen, Yue"]
[Result "0-1"]
[WhiteElo "1639"]
[BlackElo "2053"]
[PlyCount "68"]
[EventDate "2011.07.12"]
[EventType "swiss"]
[EventRounds "9"]
[EventCountry "ESP"]
[Source "lmi"]
[SourceDate "2011.07.12"]

1. c4 Nf6 2. g3 g6 3. Bg2 Bg7 4. e4 d6 5. Nc3 O-O 6. Nge2 Nc6 7. O-O e5 8. h3
Be6 9. Nd5 Nd7 10. f4 f5 11. d3 fxe4 12. dxe4 Na5 13. Qc2 c6 14. f5 Bf7 15. Ne3
Qb6 16. Kh2 Qa6 17. b3 Nf6 18. g4 Rfd8 19. g5 Ne8 20. f6 Bf8 21. h4 b5 22. cxb5
Qxb5 23. h5 d5 24. exd5 cxd5 25. hxg6 Bxg6 26. f7+ Bxf7 27. Rxf7 Kxf7 28. Qxh7+
Ng7 29. Nf5 Qxe2 30. Nxg7 Bxg7 31. Ba3 Rh8 32. Rf1+ Ke6 33. g6 Rxh7+ 34. gxh7
Rh8 0-1

[Event "Campeonato de España sub-14 2011"]
[Site "Padron ESP"]
[Date "2011.07.12"]
[Round "1.6"]
[White "Ventura Bolet, Maxim"]
[Black "Barea Marin, Noelia"]
[Result "1-0"]
[WhiteElo "1987"]
[BlackElo "1637"]
[PlyCount "53"]
[EventDate "2011.07.12"]
[EventType "swiss"]
[EventRounds "9"]
[EventCountry "ESP"]
[Source "lmi"]
[SourceDate "2011.07.12"]

1. c4 c6 2. Nf3 d5 3. e3 Nf6 4. Qc2 Bg4 5. Ne5 Bh5 6. cxd5 Qxd5 7. d4 Nbd7 8.
Nc3 Qd6 9. Qb3 Qc7 10. Bd2 e6 11. Nd3 Bd6 12. e4 e5 13. Rc1 Qb6 14. Qxb6 axb6
15. d5 O-O 16. f3 b5 17. a3 Nb6 18. h4 h6 19. g4 Bg6 20. h5 Bh7 21. g5 hxg5 22.
Bxg5 Nfd7 23. Bh3 f5 24. h6 g6 25. Rg1 Kf7 26. Ke2 Nc5 27. Nxb5 1-0

[Event "Campeonato de España sub-14 2011"]
[Site "Padron ESP"]
[Date "2011.07.12"]
[Round "1.7"]
[White "Rodriguez Manzaneda, Irene"]
[Black "Garcia-Castany, Musellas Gal.La"]
[Result "0-1"]
[WhiteElo "1634"]
[BlackElo "1980"]
[PlyCount "74"]
[EventDate "2011.07.12"]
[EventType "swiss"]
[EventRounds "9"]
[EventCountry "ESP"]
[Source "lmi"]
[SourceDate "2011.07.12"]

1. e4 e5 2. Nf3 Nc6 3. Bb5 a6 4. Bxc6 dxc6 5. O-O Bg4 6. h3 h5 7. d3 Qf6 8. Be3
Bxf3 9. Qxf3 Qxf3 10. gxf3 Bd6 11. Nd2 Ne7 12. Nc4 Ng6 13. Rfb1 f6 14. Kf1
O-O-O 15. b4 Kd7 16. Ke2 Nf8 17. c3 Ne6 18. a4 Be7 19. b5 axb5 20. axb5 cxb5
21. Rxb5 b6 22. Ra7 Kc6 23. Rb2 Ra8 24. Bxb6 Nf4+ 25. Kd2 Rxa7 26. Bxa7 Nxh3
27. Na5+ Kd7 28. Rb7 Ng1 29. Bb6 Bd6 30. Nc4 Rc8 31. Ke3 h4 32. Nd2 Kc6 33. Ra7
Kxb6 34. Ra1 Nh3 35. Rh1 Nf4 36. d4 g5 37. d5 Bc5# 0-1

[Event "Campeonato de España sub-14 2011"]
[Site "Padron ESP"]
[Date "2011.07.12"]
[Round "1.8"]
[White "Bru Rullo, Llatzer"]
[Black "Mandado, Castelani Marco"]
[Result "1-0"]
[WhiteElo "1971"]
[BlackElo "1631"]
[PlyCount "75"]
[EventDate "2011.07.12"]
[EventType "swiss"]
[EventRounds "9"]
[EventCountry "ESP"]
[Source "lmi"]
[SourceDate "2011.07.12"]

1. e4 e5 2. Nf3 Nf6 3. Nxe5 d6 4. Nf3 Nxe4 5. d4 d5 6. Bd3 Nc6 7. O-O Be7 8.
Nc3 Nf6 9. h3 O-O 10. Bf4 Be6 11. a3 a6 12. Ne2 Bd6 13. Ne5 Bxe5 14. Bxe5 Nxe5
15. dxe5 Nd7 16. f4 Nc5 17. f5 Bd7 18. f6 g6 19. Qd2 Kh8 20. Qh6 Rg8 21. Nf4
Nxd3 22. cxd3 c6 23. Rae1 g5 24. e6 Be8 25. exf7 Bxf7 26. Ne6 Qb6+ 27. Kh1 Rg6
28. Qh5 Rxf6 29. Qxg5 Rxf1+ 30. Rxf1 Bxe6 31. Qf6+ Kg8 32. Qxe6+ Kh8 33. Qf6+
Kg8 34. Rf4 h5 35. Qg6+ Kh8 36. Qxh5+ Kg8 37. Qg6+ Kh8 38. Rh4# 1-0

[Event "Campeonato de España sub-14 2011"]
[Site "Padron ESP"]
[Date "2011.07.12"]
[Round "1.9"]
[White "Doulatram Gangaram, Rahul"]
[Black "Marchena Hurtado, Javier"]
[Result "0-1"]
[WhiteElo "1602"]
[BlackElo "1961"]
[PlyCount "78"]
[EventDate "2011.07.12"]
[EventType "swiss"]
[EventRounds "9"]
[EventCountry "ESP"]
[Source "lmi"]
[SourceDate "2011.07.12"]

1. d4 d5 2. Bf4 Nf6 3. Nf3 c5 4. e3 Nc6 5. c3 e6 6. Bd3 Bd6 7. Bg3 O-O 8. O-O
Qe7 9. Nbd2 e5 10. dxe5 Nxe5 11. Nxe5 Bxe5 12. Bxe5 Qxe5 13. Nf3 Qe7 14. h3 Rd8
15. Re1 Bd7 16. Qc2 Bc6 17. Rad1 Qc7 18. Nd2 b5 19. b3 Qb7 20. f3 c4 21. Bf1
Qb6 22. Kh1 Re8 23. e4 cxb3 24. axb3 Nh5 25. exd5 Rxe1 26. Rxe1 Qf2 27. Qd1
Bxd5 28. Bxb5 Rd8 29. Ne4 Qb6 30. Bd3 Bxe4 31. fxe4 Nf4 32. Rf1 Nxd3 33. Qf3
Qxb3 34. Qf5 Qe6 35. Qa5 Qb6 36. Qf5 Qe6 37. Qa5 Qe7 38. Qa6 Nc5 39. Qc4 Nxe4
0-1

[Event "Campeonato de España sub-14 2011"]
[Site "Padron ESP"]
[Date "2011.07.12"]
[Round "1.10"]
[White "Martin Garcia, Guillermo"]
[Black "Villavicencio Sanchez, Pedro"]
[Result "1-0"]
[WhiteElo "1955"]
[BlackElo "1600"]
[PlyCount "61"]
[EventDate "2011.07.12"]
[EventType "swiss"]
[EventRounds "9"]
[EventCountry "ESP"]
[Source "lmi"]
[SourceDate "2011.07.12"]

1. e4 c5 2. c3 d5 3. exd5 Qxd5 4. d4 e6 5. Nf3 Nf6 6. Bd3 Nc6 7. O-O cxd4 8.
cxd4 Be7 9. Nc3 Qd6 10. Be3 O-O 11. Rc1 a6 12. Qd2 b5 13. Ne4 Nxe4 14. Bxe4 Bb7
15. Bf4 e5 16. Nxe5 Nxe5 17. Bxb7 Ra7 18. Bxe5 Qe6 19. Bf3 Rd8 20. Qe3 Qf5 21.
d5 Rad7 22. Be4 Qh5 23. Qh3 Qxh3 24. gxh3 g6 25. Rc7 Bd6 26. Rxd7 Rxd7 27. Bxd6
Rxd6 28. Rc1 f5 29. Rc6 Rd7 30. Bf3 a5 31. Ra6 1-0

[Event "Campeonato de España sub-14 2011"]
[Site "Padron ESP"]
[Date "2011.07.12"]
[Round "1.11"]
[White "Santana Gil, Odama"]
[Black "Martin Perez, Laura"]
[Result "1/2-1/2"]
[WhiteElo "1598"]
[BlackElo "1946"]
[PlyCount "153"]
[EventDate "2011.07.12"]
[EventType "swiss"]
[EventRounds "9"]
[EventCountry "ESP"]
[Source "lmi"]
[SourceDate "2011.07.12"]

1. e4 c5 2. Nf3 Nc6 3. d4 cxd4 4. Nxd4 g6 5. Nc3 Bg7 6. Be3 Nf6 7. f3 O-O 8.
Qd2 d5 9. exd5 Nxd5 10. Nxd5 Qxd5 11. Nxc6 Qxc6 12. O-O-O Be6 13. Kb1 Rac8 14.
Bd3 Rfd8 15. Bh6 Bh8 16. h4 Qb6 17. Qc1 Qa5 18. a3 Qd5 19. c4 Qa5 20. Bd2 Qb6
21. Be3 Qb3 22. Qc2 Rxd3 23. Rxd3 Qxc2+ 24. Kxc2 Bf5 25. b3 b5 26. c5 a5 27. g4
Bxd3+ 28. Kxd3 Bb2 29. a4 bxa4 30. bxa4 Kf8 31. Kc4 Ke8 32. Rd1 Rb8 33. Bd2 Rd8
34. Kb3 Be5 35. Kc2 Rd5 36. Be3 Rxd1 37. Kxd1 Kd7 38. Kc2 Kc6 39. f4 Bc7 40.
Kc3 Kd5 41. Kd3 h5 42. g5 e5 43. fxe5 Bxe5 44. Bf2 f6 45. Be1 fxg5 46. hxg5
Kxc5 47. Bxa5 Bf4 48. Bd8 Kb4 49. a5 Kb5 50. Ke2 Bd6 51. Kf3 Bb4 52. Bc7 Bxa5
53. Bf4 Kc6 54. Ke4 Bd8 55. Be3 Kd6 56. Kf4 Kd5 57. Kg3 Ke4 58. Bc1 Ba5 59. Kh4
Be1+ 60. Kh3 Kf3 61. Bb2 Bd2 62. Bf6 Kf4 63. Bd8 Kf5 64. Kh4 Bb4 65. Bf6 Ke6
66. Bd8 Be7 67. Ba5 Kf5 68. Bd2 Bd6 69. Ba5 Be7 70. Bd2 Ke4 71. Bc1 Bc5 72. Bb2
Kf3 73. Kh3 Bf2 74. Bf6 Kf4 75. Bd8 Kf5 76. Be7 Be3 77. Kh4 1/2-1/2

[Event "Campeonato de España sub-14 2011"]
[Site "Padron ESP"]
[Date "2011.07.12"]
[Round "1.12"]
[White "Buendia Pinar, Alvaro"]
[Black "Bayon Rolo, Juan Andres"]
[Result "1-0"]
[WhiteElo "1941"]
[BlackElo "1598"]
[PlyCount "127"]
[EventDate "2011.07.12"]
[EventType "swiss"]
[EventRounds "9"]
[EventCountry "ESP"]
[Source "lmi"]
[SourceDate "2011.07.12"]

1. d4 d5 2. Nf3 Nf6 3. c4 e6 4. Nc3 c6 5. Bg5 Nbd7 6. cxd5 exd5 7. e3 Qa5 8.
Nd2 Bd6 9. Bd3 Qc7 10. Rc1 Bxh2 11. Qf3 Bd6 12. g4 h6 13. Bxf6 Nxf6 14. g5 Ng8
15. Nxd5 Qd8 16. g6 f6 17. Nf4 Ne7 18. Nh5 O-O 19. Bc4+ Kh8 20. Bf7 Nf5 21. Ne4
Be7 22. Nhg3 Nxg3 23. Qxg3 Rxf7 24. gxf7 Be6 25. Qg6 Qa5+ 26. Nc3 Qg5 27. Qe4
Qf5 28. Qxf5 Bxf5 29. Ke2 Be6 30. Rcg1 Bxf7 31. Rg2 Bc4+ 32. Kd2 Be6 33. Rhg1
Rg8 34. f3 Bd6 35. Ne4 Bb4+ 36. Kc2 Bf5 37. Kb3 Be7 38. a3 Be6+ 39. Kc2 Bf5 40.
Kd2 Bh3 41. Rh2 Be6 42. Rhg2 Bd8 43. Nc5 Bc8 44. Nd3 Bc7 45. Nf2 Be6 46. Rh1
Bd5 47. e4 Bf4+ 48. Kc3 Be6 49. Nd3 Bd6 50. f4 Re8 51. f5 Bf7 52. Re1 Bh5 53.
e5 fxe5 54. dxe5 Bc7 55. Kc2 Rf8 56. Rf1 Bd8 57. Rgf2 Bb6 58. Rh2 Bg4 59. f6
gxf6 60. exf6 Kh7 61. Ne5 Be6 62. Rg2 Bh3 63. Rg7+ Kh8 64. Ng6# 1-0

[Event "Campeonato de España sub-14 2011"]
[Site "Padron ESP"]
[Date "2011.07.12"]
[Round "1.13"]
[White "Mateos Atienza, Alberto"]
[Black "Perez Barreto, Adrian"]
[Result "0-1"]
[WhiteElo "1594"]
[BlackElo "1934"]
[PlyCount "104"]
[EventDate "2011.07.12"]
[EventType "swiss"]
[EventRounds "9"]
[EventCountry "ESP"]
[Source "lmi"]
[SourceDate "2011.07.12"]

1. e4 c5 2. Nf3 e6 3. d4 cxd4 4. Nxd4 Nc6 5. Nc3 Qc7 6. a3 a6 7. Be3 Nf6 8. Be2
Be7 9. O-O O-O 10. Kh1 b5 11. f4 Nxd4 12. Qxd4 Bb7 13. Bf3 d6 14. Bd2 Rac8 15.
Qf2 Nd7 16. Rac1 Nb6 17. Ne2 Na4 18. b3 Nc5 19. Qe3 Bf6 20. c4 bxc4 21. Rxc4 d5
22. exd5 Bxd5 23. Bxd5 exd5 24. Rc2 Rfe8 25. Qf3 Qd7 26. Rfc1 Ne4 27. Rxc8 Rxc8
28. Rxc8+ Qxc8 29. Be3 Qc2 30. b4 Bb2 31. Bg1 Bxa3 32. Qxa3 Qxe2 33. Qe3 Qxe3
34. Bxe3 Kf8 35. Kg1 Ke8 36. Kf1 Kd7 37. Ke2 Kc6 38. Kd3 Kb5 39. Kd4 Kxb4 40.
Kxd5 Nc3+ 41. Kd6 a5 42. Bc1 Kb3 43. Ke7 a4 44. Kxf7 Ne2 45. Kxg7 Nxc1 46. f5
Nd3 47. f6 Ne5 48. Kxh7 a3 49. g4 a2 50. g5 a1=Q 51. g6 Qg1 52. g7 Qg6+ 0-1

[Event "Campeonato de España sub-14 2011"]
[Site "Padron ESP"]
[Date "2011.07.12"]
[Round "1.14"]
[White "Garriga Cazorla, Pere"]
[Black "Gonzalez Lopez, Manuel"]
[Result "1-0"]
[WhiteElo "1931"]
[BlackElo "1587"]
[PlyCount "52"]
[EventDate "2011.07.12"]
[EventType "swiss"]
[EventRounds "9"]
[EventCountry "ESP"]
[Source "lmi"]
[SourceDate "2011.07.12"]

1. e4 c5 2. Nc3 e6 3. Nge2 a6 4. g3 Nc6 5. Bg2 g6 6. O-O Bg7 7. d3 Nge7 8. Be3
d6 9. f4 O-O 10. a4 Rb8 11. g4 Nd4 12. Bxd4 cxd4 13. Nb1 f5 14. gxf5 gxf5 15.
Nd2 fxe4 16. dxe4 b5 17. axb5 axb5 18. Nb3 Qb6 19. Kh1 e5 20. Qd3 Be6 21. Qg3
Kh8 22. Bh3 Bc4 23. Rg1 Rg8 24. Qh4 Qb7 25. Na5 Qxe4+ 26. Rg2 Ng6 1-0

[Event "Campeonato de España sub-14 2011"]
[Site "Padron ESP"]
[Date "2011.07.12"]
[Round "1.16"]
[White "Garcia Gracia, Victor Hugo"]
[Black "Olivares Romero, Sara"]
[Result "1-0"]
[WhiteElo "1919"]
[BlackElo "1534"]
[PlyCount "47"]
[EventDate "2011.07.12"]
[EventType "swiss"]
[EventRounds "9"]
[EventCountry "ESP"]
[Source "lmi"]
[SourceDate "2011.07.12"]

1. e4 e5 2. Nf3 Nc6 3. Bb5 a6 4. Bxc6 dxc6 5. d4 exd4 6. Qxd4 Qxd4 7. Nxd4 Bd6
8. Be3 Ne7 9. Nd2 Ng6 10. g3 O-O 11. f4 f6 12. N4f3 Re8 13. Kf2 Bd7 14. Rad1
Rad8 15. f5 Ne5 16. Nxe5 Bxe5 17. Nc4 b5 18. Nxe5 Rxe5 19. Kf3 Re7 20. Rd2 Rde8
21. Bc5 Rf7 22. Rhd1 Rd8 23. Be3 Re7 24. Bf4 1-0

[Event "Campeonato de España sub-14 2011"]
[Site "Padron ESP"]
[Date "2011.07.12"]
[Round "2.1"]
[White "Navarrete Espi, Samuel"]
[Black "Rodriguez Rodriguez, Alvaro"]
[Result "1/2-1/2"]
[WhiteElo "2169"]
[BlackElo "1782"]
[PlyCount "90"]
[EventDate "2011.07.12"]
[EventType "swiss"]
[EventRounds "9"]
[EventCountry "ESP"]
[Source "lmi"]
[SourceDate "2011.07.12"]

1. e4 c5 2. Nf3 a6 3. Nc3 b5 4. d4 cxd4 5. Nxd4 Bb7 6. Bd3 e6 7. O-O Bc5 8. Nb3
Be7 9. f4 d6 10. a4 b4 11. Na2 Nf6 12. Qe1 a5 13. Kh1 Nbd7 14. Bd2 Ba6 15. Bxa6
Rxa6 16. e5 Nd5 17. Qe2 Ra8 18. exd6 Bxd6 19. Nd4 Bc5 20. Nf3 O-O 21. Nc1 Qc7
22. Nd3 Bd6 23. Nd4 N7b6 24. Rf3 Rfe8 25. Nb5 Qd7 26. Ne5 Bxe5 27. fxe5 f5 28.
exf6 Nxf6 29. Bf4 Nbd5 30. Be5 Ng4 31. Raf1 Nxe5 32. Qxe5 Rf8 33. Rxf8+ Rxf8
34. Rxf8+ Kxf8 35. Qd6+ Ke8 36. Kg1 Qxd6 37. Nxd6+ Kd7 38. Nc4 Kc7 39. Kf2 Nb6
40. Nxa5 Nxa4 41. Nc4 Kc6 42. Ke3 Kd5 43. b3 Nc5 44. Nd2 e5 45. Nf3 Ne6 1/2-1/2

[Event "Campeonato de España sub-14 2011"]
[Site "Padron ESP"]
[Date "2011.07.12"]
[Round "2.2"]
[White "Martin Prior, Francisco Jose"]
[Black "Nicolas Zapata, Irene"]
[Result "1/2-1/2"]
[WhiteElo "1776"]
[BlackElo "2117"]
[PlyCount "70"]
[EventDate "2011.07.12"]
[EventType "swiss"]
[EventRounds "9"]
[EventCountry "ESP"]
[Source "lmi"]
[SourceDate "2011.07.12"]

1. d4 Nf6 2. c4 e6 3. Nf3 d5 4. Nc3 Be7 5. Bg5 O-O 6. e3 h6 7. Bh4 b6 8. Bd3
dxc4 9. Bxc4 Bb7 10. O-O Nbd7 11. Qe2 Nd5 12. Bxe7 Qxe7 13. Rac1 Nxc3 14. Rxc3
c5 15. Rd1 Rfd8 16. h3 cxd4 17. Nxd4 Rac8 18. Nb5 Ne5 19. Rxd8+ Rxd8 20. Nd4
Qf6 21. Bb3 Qg6 22. Qf1 a6 23. Bc2 Qf6 24. Rc7 Rd7 25. Rxd7 Nxd7 26. Qd3 Qg5
27. Qh7+ Kf8 28. Be4 Bxe4 29. Qxe4 Qd5 30. Qxd5 exd5 31. Nc6 a5 32. Kf1 Nc5 33.
b4 Nb7 34. bxa5 bxa5 35. Ke2 Ke8 1/2-1/2

[Event "Campeonato de España sub-14 2011"]
[Site "Padron ESP"]
[Date "2011.07.12"]
[Round "2.3"]
[White "Shen, Yue"]
[Black "Fernandez Cano, Victor"]
[Result "1-0"]
[WhiteElo "2053"]
[BlackElo "1766"]
[PlyCount "75"]
[EventDate "2011.07.12"]
[EventType "swiss"]
[EventRounds "9"]
[EventCountry "ESP"]
[Source "lmi"]
[SourceDate "2011.07.12"]

1. d4 Nf6 2. c4 e6 3. Nf3 Nc6 4. g3 Bb4+ 5. Bd2 Bxd2+ 6. Nbxd2 O-O 7. Bg2 d5 8.
O-O Re8 9. Qc2 Ne7 10. e4 dxe4 11. Nxe4 Nxe4 12. Qxe4 Rb8 13. Qc2 b6 14. b4 h6
15. Rfd1 Bb7 16. a4 c6 17. b5 Qc7 18. Ne5 c5 19. Bxb7 Rxb7 20. Qe4 cxd4 21.
Rxd4 Nf5 22. Rd7 Qxd7 23. Nxd7 Rxd7 24. c5 bxc5 25. Qc6 Ree7 26. Qxc5 Kh7 27.
a5 Rd5 28. Qb4 Rdd7 29. b6 g6 30. Rc1 axb6 31. axb6 e5 32. Qa5 e4 33. Rc7 e3
34. Rxd7 Rxd7 35. fxe3 Nd6 36. Qd5 Rd8 37. b7 Nxb7 38. Qxf7+ 1-0

[Event "Campeonato de España sub-14 2011"]
[Site "Padron ESP"]
[Date "2011.07.12"]
[Round "2.4"]
[White "Aguila Hernandez, Eduardo"]
[Black "Ventura Bolet, Maxim"]
[Result "1-0"]
[WhiteElo "1772"]
[BlackElo "1987"]
[PlyCount "89"]
[EventDate "2011.07.12"]
[EventType "swiss"]
[EventRounds "9"]
[EventCountry "ESP"]
[Source "lmi"]
[SourceDate "2011.07.12"]

1. e4 c5 2. Nf3 e6 3. d4 cxd4 4. Nxd4 Nc6 5. Nxc6 bxc6 6. Bd3 Nf6 7. Bg5 Rb8 8.
O-O h6 9. Bh4 g5 10. Bg3 Rxb2 11. Nd2 Rb7 12. f4 gxf4 13. Bxf4 d6 14. Qf3 Bg7
15. Rae1 e5 16. Bg3 O-O 17. Bh4 Qb6+ 18. Kh1 Nh7 19. Nc4 Qc7 20. Ne3 Rb4 21.
Ng4 Bxg4 22. Qxg4 Kh8 23. Qh5 f6 24. Re3 Ng5 25. Bxg5 fxg5 26. Rxf8+ Bxf8 27.
c3 Qb6 28. Rf3 Rb1+ 29. Bf1 Bg7 30. h4 Qa6 31. Kg1 Qb6+ 32. Kh2 Qd8 33. Bc4 Rb7
34. hxg5 d5 35. gxh6 Bxh6 36. Qxe5+ Bg7 37. Rh3+ Kg8 38. Qe6+ Rf7 39. exd5 Kf8
40. d6 Qd7 41. Qxf7+ Qxf7 42. Bxf7 Be5+ 43. Kg1 Kxf7 44. Rh7+ Ke8 45. Re7+ 1-0

[Event "Campeonato de España sub-14 2011"]
[Site "Padron ESP"]
[Date "2011.07.12"]
[Round "2.5"]
[White "Garcia-Castany, Musellas Gal.La"]
[Black "Bernabeu Lopez, Carlos Javier"]
[Result "1-0"]
[WhiteElo "1980"]
[BlackElo "1760"]
[PlyCount "51"]
[EventDate "2011.07.12"]
[EventType "swiss"]
[EventRounds "9"]
[EventCountry "ESP"]
[Source "lmi"]
[SourceDate "2011.07.12"]

1. e4 e5 2. Nf3 Nf6 3. d4 Nxe4 4. Bd3 Nc6 5. d5 Nc5 6. dxc6 e4 7. Bc4 exf3 8.
cxd7+ Qxd7 9. Qxf3 Qf5 10. Bb5+ Kd8 11. Bf4 c6 12. Bc4 Be6 13. Bxe6 Qxe6+ 14.
Be3 Kc7 15. O-O Rd8 16. Nc3 Bd6 17. Rfd1 Rd7 18. Rxd6 Rxd6 19. Bxc5 Rd7 20.
Qf4+ Kc8 21. Bxa7 Qd6 22. Qa4 Rhd8 23. g3 Qc7 24. Be3 b5 25. Qa8+ Qb8 26. Qxc6+
1-0

[Event "Campeonato de España sub-14 2011"]
[Site "Padron ESP"]
[Date "2011.07.12"]
[Round "2.6"]
[White "Vilanova Olmedo, Ignaci"]
[Black "Bru Rullo, Llatzer"]
[Result "0-1"]
[WhiteElo "1762"]
[BlackElo "1971"]
[PlyCount "92"]
[EventDate "2011.07.12"]
[EventType "swiss"]
[EventRounds "9"]
[EventCountry "ESP"]
[Source "lmi"]
[SourceDate "2011.07.12"]

1. e4 e5 2. f4 exf4 3. Nf3 Ne7 4. Bc4 Ng6 5. O-O c6 6. Nc3 Be7 7. d4 O-O 8. Kh1
Qc7 9. Ne5 Nxe5 10. dxe5 d6 11. exd6 Bxd6 12. Qf3 Be6 13. Bd3 Nd7 14. Bxf4 Bxf4
15. Qxf4 Qxf4 16. Rxf4 Ne5 17. Rd1 Rad8 18. h3 Bc4 19. Bxc4 Nxc4 20. Rxd8 Rxd8
21. b3 Ne3 22. Rf2 Nd1 23. Nxd1 Rxd1+ 24. Kh2 g6 25. Kg3 b5 26. Kf3 Ra1 27. c4
bxc4 28. Rc2 cxb3 29. axb3 Ra6 30. Kf4 Kf8 31. Ke5 Ke7 32. Kd4 Kd6 33. h4 Rb6
34. Kc4 Rb5 35. Rd2+ Ke6 36. Ra2 a5 37. Rd2 Rb4+ 38. Kc5 Rxe4 39. Kxc6 Rxh4 40.
Rd6+ Ke7 41. Rd2 Rb4 42. Rd3 a4 43. bxa4 Rxa4 44. Re3+ Kf6 45. Rf3+ Kg7 46. Kd6
Re4 0-1

[Event "Campeonato de España sub-14 2011"]
[Site "Padron ESP"]
[Date "2011.07.12"]
[Round "2.7"]
[White "Marchena Hurtado, Javier"]
[Black "Ponce Cano, Adrian"]
[Result "1-0"]
[WhiteElo "1961"]
[BlackElo "1748"]
[PlyCount "157"]
[EventDate "2011.07.12"]
[EventType "swiss"]
[EventRounds "9"]
[EventCountry "ESP"]
[Source "lmi"]
[SourceDate "2011.07.12"]

1. e4 c5 2. Nf3 e6 3. d4 cxd4 4. Nxd4 Nf6 5. Nc3 Nc6 6. Ndb5 Bb4 7. a3 Bxc3+ 8.
Nxc3 d5 9. exd5 exd5 10. Bd3 O-O 11. O-O d4 12. Ne2 Bg4 13. f3 Be6 14. Bg5 h6
15. Bh4 Ne5 16. Bf2 Nc6 17. Bb5 d3 18. Bxd3 Ne5 19. Nd4 Qc7 20. Nxe6 fxe6 21.
Qe2 Rae8 22. Bb5 Re7 23. Rfe1 Nf7 24. Bc4 Rfe8 25. Kh1 Kh8 26. Rad1 Nd6 27. Bb3
Nf5 28. Qe5 Qc8 29. Bxa7 Nd7 30. Qa5 Nf6 31. Bf2 Ng8 32. Qc5 Qb8 33. Rxe6 Rxe6
34. Bxe6 Rxe6 35. Qxf5 Qc8 36. Qd3 Qe8 37. h3 Rg6 38. c4 Qc6 39. b4 Qe6 40. c5
Rg5 41. Be3 Rg3 42. Bf4 Rg6 43. b5 Ne7 44. c6 Nxc6 45. bxc6 Qxc6 46. Kh2 Kh7
47. Qe4 Qxe4 48. fxe4 Ra6 49. Bd6 Kg6 50. Kg3 Kf6 51. e5+ Ke6 52. Rb1 b6 53.
Kg4 g6 54. Rf1 Ra4+ 55. Kg3 Rc4 56. Rf6+ Kd7 57. Rxg6 Rc3+ 58. Kh2 h5 59. Rh6
b5 60. Rxh5 b4 61. axb4 Ke6 62. h4 Rc4 63. Rh8 Kf7 64. h5 Rh4+ 65. Kg3 Rc4 66.
h6 Rc3+ 67. Kf4 Rc4+ 68. Ke3 Rh4 69. b5 Ke6 70. b6 Kd5 71. b7 Re4+ 72. Kf3 Rc4
73. b8=Q Rc3+ 74. Ke2 Rc2+ 75. Kd1 Rc4 76. Qb7+ Ke6 77. Re8+ Kf5 78. Qf7+ Kg5
79. Rg8+ 1-0